000 01596 a2200241 4500
008 110607t xxu||||| |||| 00| 0 eng d
020 _a9966846028
100 _aAckello-Ogutu, C.
245 _aBasic concepts of microeconomics: with special reference to Kenya
_cC.Ackello-Ogutu and John J.Waelti
260 _bUniversity of Nairobi Press
_c1990
_aNairobi
300 _aviii,203 p.
_c21 cm.
650 _cKenya
650 _aMicroeconomics
650 _aEconomic conditions
700 _aJohn J.Waelti
942 _cBK
_2lcc
999 _c38479
_d38479